header

The economics of self-employment and entrepreneurship (Record no. 212803)

MARC details
000 -LEADER
fixed length control field 01655nam a2200349Ia 4500
100 1# - MAIN ENTRY--AUTHOR NAME
Personal name Parker, Simon C.
245 14 - TITLE STATEMENT
Title The economics of self-employment and entrepreneurship
260 ## - PUBLICATION, DISTRIBUTION, ETC. (IMPRINT)
Place of publication New York :
Name of publisher Cambridge,
Year of publication 2004.
300 ## - PHYSICAL DESCRIPTION
Number of Pages xviii, 323 p.
505 0# - FORMATTED CONTENTS NOTE
Formatted contents note Theories of entrepreneurship -- Characteristics of entrepreneurs and the environmental for entrepreneurship -- Ethnic minority and female entrepreneurship -- Debt finance for entrepreneurial ventures -- Other sources of finance -- Evidence of credit rationing -- Labour demand and supply -- Growth, innovation and exit -- Government policy : issues and evidence.
650 #0 - SUBJECT ADDED ENTRY--TOPICAL TERM
Topical Term Managerial economics.
Topical Term Entrepreneurship.
Topical Term New business enterprises
Topical Term Self-employed.
Topical Term Self-employed
856 40 - ELECTRONIC LOCATION AND ACCESS
Uniform Resource Identifier http://site.ebrary.com/lib/rucke/Doc?id=10124670

No items available.

© 2026 Rongo University
Contact us: librarian | system librarian | Rongo university